000 00423nam a22001577a 4500
999 _c2757
_d2757
008 200316b ||||| |||| 00| 0 eng d
020 _a0582239559
082 0 0 _a620.106
_bD733
100 _9797
_aDouglas, John F.
245 1 0 _aSolving of problems in fluid mechanic- vol.1 /
_cby John F. Douglas
250 _a1st ed.
260 _aLondon
_bELBS
_c1986
300 _axvi, 263 p.
650 0 _aFluid Mechanics
942 _cBK